Biggest Cities in Minas Gerais - Statistics

General Stats
  • This quiz has been taken 234 times
  • The average score is 14 of 30
Answers on the Map
Answers color-coded by a green-red scale on the quiz's map according to % correct below.
 
Answer Stats
Population City % Correct
2,521,560 Belo Horizonte
99%
679,710 Uberlândia
87%
566,770 Juiz de Fora
80%
329,560 Uberaba
79%
441,540 Betim
74%
666,690 Contagem
73%
393,510 Montes Claros
68%
269,970 Governador Valadares
65%
262,640 Ipatinga
56%
234,200 Divinópolis
49%
141,420 Patos de Minas
49%
335,730 Ribeirão das Neves
47%
115,130 Teófilo Otoni
46%
235,970 Sete Lagoas
45%
164,530 Poços de Caldas
44%
132,140 Varginha
42%
105,750 Araxá
41%
139,670 Pouso Alegre
40%
219,830 Santa Luzia
37%
110,080 Araguari
35%
126,480 Barbacena
35%
181,740 Ibirité
30%
112,330 Ubá
28%
133,670 Sabará
27%
108,910 Coronel Fabriciano
25%
112,680 Itabira
25%
109,430 Passos
25%
123,770 Conselheiro Lafaiete
23%
129,770 Vespasiano
23%
101,210 Muriaé
21%
No matching quizzes found
Score Distribution
Percent of People with Each Score
Percentile by Number Answered
Your Score History
You have not taken this quiz